000
00280nam a22001337a 4500
008
181205b xxu||||| |||| 00| 0 eng d
020
_a
0060466324
041
_a
eng
080
_2
3 th
_a
541
100
_a
12
101
_a
kim
245
_a
Chemistry
_c
Karen.t
942
_2
udc
_c
BK
999
_c
52899
_d
52899